000 01188cab a2200277 4500
001 ABS39302
008 090401t1988 xxu||||| |||| 00| 0 eng d
035 _a(Sirsi) u15827
041 _aeng
100 _aCatt, R.
245 _aHow to build for the British weather
260 _c1988
350 _a0
490 _aBuilding Today
_v195(5761) 23 June 1988, 20-21(2)
520 _aStresses the importance of weathering in buildings explaining the principles for new and existing buildings, highlighting the use which can be made of such tools as the driving rain index produced by the BRE and the UK corrosivity map produced by MAFF . Reviews recommendations in a recent BRE report, Rain penetration through masonry walls : diagnosis and remedial measures, which is available on loan from the Library.
650 _aACID RAIN
650 _aCORROSION
650 _aDAMP
650 _aEROSION
650 _aBUILT ENVIRONMENT-BUILDING MAINTENANCE AND REFURBISHMENT
650 _aREPAIR
650 _aBUILT ENVIRONMENT-BUILDING ELEMENTS-COMPLETE BUILDING ELEMENTS-WALLS
690 _aBUILDING AND CONSTRUCTION-REPAIRS AND MAINTENANCE
942 _n0
948 _c04/03/1997
999 _c10416
_d10416